| 000 | 03704nam a22004578i 4500 | ||
|---|---|---|---|
| 001 | BDZ0027808556 | ||
| 003 | StDuBDS | ||
| 005 | 20241029145030.0 | ||
| 006 | m|||||o||d|||||||| | ||
| 007 | cr ||||||||||| | ||
| 008 | 160624s2016 enk fo 000|0|eng|d | ||
| 020 |
_a9781848221925 (ePub ebook) : _c35.00 |
||
| 040 |
_aStDuBDS _beng _erda _epn _cStDuBDS _dStDuBDSZ |
||
| 050 | 4 | _aN8795 | |
| 072 | 7 |
_aCRI _2ukslc |
|
| 072 | 7 |
_aABK _2bicssc |
|
| 072 | 7 |
_aABQ _2bicssc |
|
| 072 | 7 |
_aABK _2thema |
|
| 072 | 7 |
_aABQ _2thema |
|
| 082 | 0 | 4 |
_a364.16287 _223 |
| 245 | 0 | 0 |
_aArt crime and its prevention _h[electronic resource] : _ba handbook for collectors and art professionals / _cedited by Arthur Tompkins ; foreword by Noah Charney. |
| 264 | 1 |
_aFarnham : _bLund Humphries, _c2016. |
|
| 300 | _a1 online resource (240 pages) | ||
| 336 |
_atext _2rdacontent |
||
| 337 |
_acomputer _2rdamedia |
||
| 338 |
_aonline resource _2rdacarrier |
||
| 366 |
_b20160623 _cNot yet available |
||
| 505 | 0 | _aForeword, Noah Charney; Introduction, Arthur Tompkins; Part 1 - The Art Market: The art world: compliant victim, Tom Flynn; Methods of profit: rewards, ransoms and buybacks, Toby Bull; Art-crime law, Louisa Gommans; Art crime in indigenous cultures: a Maori perspective, Ngarino Ellis; Part 2 - Museums, Galleries and Collections: Legacy and longevity: protecting the past for the future, Penelope Jackson; Security for protection of art: strategy, tactics, technology and making new paths, Dick Drent; Part 3 - Dishonesty, Deception and Detection: Art theft, Marc Balcells; Insurance and art crime, Dorit Straus; Fakes and forgeries in the internetage, Colette Loll; Art crime and law enforcement, Virginia Curry; Part 4 - Art and Armed Conflict: Art in war, Arthur Tompkins; Impacts of looting on conflict zones, Laurie Rush; Art crime and fundamentalist terrorism, Al Gillespie; Part 5 - Looking Forward: Past impediments to effective results, Lynda Albertson; Summary and future Directions, Arthur Tompkins; Appendices; Bibliography; Index | |
| 520 | 8 | _aArt Crime and Its Prevention is the definitive handbook on art crime for art-world professionals of all kinds -from the museum, auction house or art-insurance employee to the contemporary gallerist, dealer, art-market student or collector. Written by a range of international experts, the book's territory is broad and includes advice on how to secure art in galleries and private collections; how and when to insure art; what to look for to be sure that an artwork you buy is legitimate; how to check provenance to be certain that it matches the work it accompanies; how to deal with forgery and best-practices in art acquisition. Contextual debate, such as discussion of the impact of looting in conflict zones and the relevant international law relating to art in war, enlivens the text and helps to present a fully-rounded analysis of art crime and its many associations.An authoritative and readable handbook, Art Crime and Its Prevention will be an essential reference guide for all those involved in the art world internationally, or in the protection and recovery of artworks. | |
| 588 | _aDescription based on CIP data; item not viewed. | ||
| 650 | 0 | _aArt thefts. | |
| 650 | 0 | _aAntiques | |
| 650 | 0 | _aEBOOK | |
| 650 | 7 |
_aTrue Crime. _2ukslc |
|
| 650 | 7 |
_aForgery, falsification & theft of artworks _2thema |
|
| 650 | 7 |
_aArt: financial aspects _2thema |
|
| 700 | 1 |
_aTompkins, Arthur, _eeditor. |
|
| 776 | 0 | 8 |
_iPrint version : _z9781848221871 |
| 856 | 4 | 0 |
_uhttps://www.vlebooks.com/product/openreader?id=RICS&accId=9491556&isbn=9781848221925 _zAvailable on VLeBooks (email [email protected] if you do not have a login) |
| 942 | _2ddc | ||
| 999 |
_c122038 _d122038 |
||